| 000 | 00568cam a2200229ua 4500 | ||
|---|---|---|---|
| 001 | 7380 | ||
| 008 | 150817n ii |||gr||||Z||||||asm | ||
| 020 | _a9788191098334 | ||
| 040 | _cMAIN | ||
| 041 | _aasm | ||
| 082 | _a370.1 | ||
| 100 |
_aChaliha, B. Kr., _eAuthor. |
||
| 245 |
_aSnatak mahalar siksha tatta _cBy Beda Kr. Chaliha |
||
| 250 | _a5th. | ||
| 260 |
_aJorhat: _bBidya bhawan, _c2012. |
||
| 300 | _a343p. | ||
| 653 | _aEducation | ||
| 653 | _aEducational thought | ||
| 700 |
_aSaikia, T., _eAuthor. |
||
| 700 |
_aSaikia, R. B., _eAuthor. |
||
| 942 | _cBK | ||
| 999 |
_c6505 _d6505 |
||